[Event "XV MIEDZYNARODOWY FESTIWAL SZACHOWY PERLA BALTYKU - GRUPA A"]
[Site "LAZY"]
[Date "1899-12-30"]
[Round "6.6"]
[White "Karpus, Michal"]
[Black "Kostecka, Marika"]
[Result "1-0"]
[WhiteTitle "FM"]
[BlackTitle "WCM"]
[WhiteElo "2312"]
[BlackElo "1924"]

1. e4 c5 2. Nf3 d6 3. d4 cxd4 4. Nxd4 Nf6 5. Nc3 a6 6. Be3 e5 7. Nb3 Be6 8. Qd2
Nbd7 9. f3 h5 10. O-O-O Be7 11. Nd5 Bxd5 12. exd5 b5 13. Na5 Qc7 14. Nc6 Nxd5
15. Qxd5 Nf6 16. Nxe7 Nxd5 17. Nxd5 Qc6 18. Nb4 Qd7 19. Bd3 f5 20. f4 d5 21. Be2
d4 22. fxe5 dxe3 23. Rxd7 Kxd7 24. Rd1+ Ke6 25. Rd6+ Kxe5 26. Rg6 f4 27. Nc6+
Kd5 28. Bf3+ Kc5 29. b4+ Kc4 30. Rg5 1-0

[Event "XV MIEDZYNARODOWY FESTIWAL SZACHOWY PERLA BALTYKU - GRUPA A"]
[Site "LAZY"]
[Date "1899-12-30"]
[Round "6.7"]
[White "Klusak, Piotr"]
[Black "Ulrych, Wojciech"]
[Result "1-0"]
[WhiteTitle "k"]
[BlackTitle "I++"]
[WhiteElo "2152"]
[BlackElo "1870"]

1. d4 Nf6 2. Nf3 g6 3. c4 Bg7 4. Nc3 d6 5. e4 O-O 6. Be2 Nbd7 7. O-O e5 8. Re1
Re8 9. Bf1 exd4 10. Nxd4 Nc5 11. f3 c6 12. Rb1 a5 13. Be3 Nfd7 14. Qd2 Ne5 15.
Red1 Qc7 16. Qf2 Qe7 17. Qd2 f6 18. Nc2 Nf7 19. Bf4 Bf8 20. Nd4 Ne6 21. Be3 Ne5
22. Na4 Nxd4 23. Bxd4 Be6 24. b3 Nd7 25. Re1 Reb8 26. Rbd1 b5 27. cxb5 cxb5 28.
Nc3 a4 29. b4 Qf7 30. Bxb5 a3 31. Bc6 Ra6 32. b5 Rxc6 33. bxc6 Ne5 34. Nd5 Bxd5
35. Bxe5 Bxa2 36. Bxd6 Rb2 37. c7 Be6 38. Qc3 Bxd6 39. Rxd6 Kg7 40. Rxe6 Qxe6
41. c8=Q Qxc8 42. Qxc8 a2 43. Qd7+ Kh6 44. Qd3 1-0

[Event "XV MIEDZYNARODOWY FESTIWAL SZACHOWY PERLA BALTYKU - GRUPA A"]
[Site "LAZY"]
[Date "1899-12-30"]
[Round "6.8"]
[White "Kutowski, Marcel"]
[Black "Krainski, Aleksander"]
[Result "0-1"]
[WhiteTitle "I"]
[BlackTitle "FM"]
[WhiteElo "1659"]
[BlackElo "2117"]

1. e4 e6 2. d4 d5 3. e5 c5 4. c3 Nc6 5. Nf3 Bd7 6. a3 f6 7. Bd3 fxe5 8. Nxe5 Nf6
9. Nxc6 bxc6 10. O-O Bd6 11. b4 cxd4 12. cxd4 O-O 13. Nc3 a5 14. Rb1 axb4 15.
axb4 Rb8 16. b5 c5 17. Ba3 Qc7 18. dxc5 Bxc5 19. Qc1 Ng4 20. g3 Nxf2 21. Rxf2
Bxf2+ 22. Kg2 Rf7 23. Nxd5 Qb7 0-1

[Event "XV MIEDZYNARODOWY FESTIWAL SZACHOWY PERLA BALTYKU - GRUPA A"]
[Site "LAZY"]
[Date "1899-12-30"]
[Round "6.9"]
[White "Kopaczewski, Adam"]
[Black "Sypien, Natan"]
[Result "1-0"]
[WhiteTitle "I++"]
[BlackTitle "I"]
[WhiteElo "2046"]
[BlackElo "1769"]

1. e4 e5 2. d4 exd4 3. Qxd4 Nc6 4. Qe3 Bb4+ 5. Nc3 Qe7 6. Bd2 Nf6 7. O-O-O d6 8.
Bc4 Be6 9. Bxe6 Qxe6 10. Nge2 O-O-O 11. f3 Bc5 12. Qg5 h6 13. Qg3 Rhg8 14. Kb1
a5 15. Bc1 Kb8 16. b3 Ka8 17. Bb2 Rb8 18. Nb5 Qe7 19. Nf4 Ne5 20. Qe1 b6 21. Qe2
Kb7 22. Nd5 Nxd5 23. exd5 Rbe8 24. a3 Ng6 25. Qc4 Qe2 26. Rd3 Qxg2 27. Rhd1 Re7
28. b4 axb4 29. axb4 Bg1 30. Qc6+ Kb8 31. Ra3 Qxf3 32. Ra8# 1-0

[Event "XV MIEDZYNARODOWY FESTIWAL SZACHOWY PERLA BALTYKU - GRUPA A"]
[Site "LAZY"]
[Date "1899-12-30"]
[Round "6.10"]
[White "Majocha, Piotr"]
[Black "Sobczynski, Roman"]
[Result "0-1"]
[WhiteTitle "I++"]
[BlackTitle "I+"]
[WhiteElo "2005"]
[BlackElo "1849"]

1. Nf3 Nf6 2. c4 e6 3. d4 d5 4. g3 c6 5. Bg2 Bd6 6. O-O O-O 7. b3 Nbd7 8. Bb2 Qc7
9. Nbd2 e5 10. dxe5 Nxe5 11. cxd5 Nxd5 12. Nc4 Nxc4 13. bxc4 Nf6 14. Bxf6 gxf6
15. Qc2 Re8 16. Rad1 Bf8 17. Rd4 Be6 18. Rh4 h6 19. Nd4 Bg7 20. f4 c5 21. Nxe6
Rxe6 22. Bd5 Re3 23. Qg6 Kf8 24. Qh7 f5 25. Qxf5 Rxe2 26. Rg4 Qe7 27. Qh7 Qf6
28. f5 Rae8 29. Be6 Rxa2 30. Rgf4 Rd8 31. Bd5 b5 32. R1f2 Rxf2 33. Kxf2 bxc4 34.
Bxc4 Rd4 35. Be2 Rxf4+ 36. gxf4 Qh4+ 37. Ke3 Bd4+ 38. Ke4 Qe7+ 39. Kd5 Qxe2 40.
Qxh6+ Bg7 41. Qd6+ Qe7 42. Qb8+ Qe8 43. Qxa7 Qd8+ 44. Kc4 Qd4+ 45. Kb5 Kg8 46.
Qxc5 Qxc5+ 47. Kxc5 Bh6 48. Kd5 Bxf4 49. h3 Kg7 50. Ke4 Bg5 51. Kf3 Kf6 52. Kg4
Bd2 53. h4 Bc1 54. h5 Bh6 0-1

[Event "XV MIEDZYNARODOWY FESTIWAL SZACHOWY PERLA BALTYKU - GRUPA A"]
[Site "LAZY"]
[Date "1899-12-30"]
[Round "6.11"]
[White "Zabron, Maksym"]
[Black "Gorkiewicz, Mateusz"]
[Result "1-0"]
[WhiteTitle "I"]
[BlackTitle "I"]
[WhiteElo "1797"]
[BlackElo "1985"]

1. e4 e5 2. Bc4 Nf6 3. Nc3 Nc6 4. d3 Na5 5. Qf3 Be7 6. Nge2 O-O 7. Bg5 c6 8. Bxf6
Bxf6 9. Ng3 d6 10. h4 Nxc4 11. dxc4 Be6 12. b3 a6 13. a4 Qa5 14. O-O Bxh4 15.
Nf5 Bxf5 16. exf5 Be7 17. Rad1 Rad8 18. g3 Rd7 19. Rd3 Rfd8 20. Rfd1 h6 21. Ne4
d5 22. f6 Bf8 23. fxg7 Bxg7 24. Qg4 Kh8 25. Qf5 d4 26. Kg2 Qc7 27. Rh1 c5 28.
Rf3 Qc6 29. Ng5 f6 30. Qh7# 1-0

[Event "XV MIEDZYNARODOWY FESTIWAL SZACHOWY PERLA BALTYKU - GRUPA A"]
[Site "LAZY"]
[Date "1899-12-30"]
[Round "6.12"]
[White "Puksza, Andrzej"]
[Black "Sloniewski, Michal"]
[Result "0-1"]
[WhiteTitle "I"]
[BlackTitle "I"]
[WhiteElo "1973"]
[BlackElo "1744"]

1. e4 d5 2. exd5 Nf6 3. d4 Nxd5 4. c4 Nb6 5. Nc3 e5 6. Be3 exd4 7. Qxd4 Qxd4 8.
Bxd4 Nc6 9. Be3 Be6 10. b3 Bb4 11. Nge2 O-O-O 12. a3 Be7 13. Nf4 Bf6 14. Rc1 Bg4
15. f3 Bh4+ 16. g3 Bxf3 17. Bh3+ Kb8 18. gxh4 Bxh1 19. Kf2 Nd4 20. Rxh1 Nxb3 21.
Bf1 Nd2 22. Bxb6 axb6 23. Bd3 Nxc4 24. a4 Rd4 25. Nce2 Rhd8 26. Nxd4 Rxd4 27.
Kg3 g6 28. Re1 Nd6 29. Bc2 b5 30. axb5 Nxb5 31. Re7 Nd6 32. Re5 b5 33. Rc5 b4
34. Kf3 Rc4 35. Rxc4 Nxc4 36. Ke2 Ne5 37. Nd3 Nxd3 38. Kxd3 c6 39. Bb3 f6 40.
Bg8 h6 41. Bf7 g5 42. h5 f5 43. Be6 f4 44. Kc4 Kc7 45. Kxb4 Kd6 46. Bg4 Kd5 47.
Bf3+ Kd4 48. Bxc6 Ke3 49. Kc5 f3 50. Kd5 Kf4 51. Ke6 f2 52. Bb5 Kg4 53. Be2+ Kh3
54. Kf5 Kxh2 55. Kg6 g4 56. Kxh6 g3 57. Bf1 g2 58. Bxg2 Kxg2 59. Kg7 f1=Q 60.
h6 Qa1+ 61. Kg8 Qa8+ 62. Kg7 Qb7+ 63. Kg8 Qc8+ 64. Kg7 Qd7+ 65. Kg8 Qd8+ 66. Kf7
Qh8 0-1

[Event "XV MIEDZYNARODOWY FESTIWAL SZACHOWY PERLA BALTYKU - GRUPA A"]
[Site "LAZY"]
[Date "1899-12-30"]
[Round "6.13"]
[White "Babiarz, Arkadiusz"]
[Black "Straszewski, Tomasz"]
[Result "1-0"]
[WhiteTitle "I++"]
[BlackTitle "I"]
[WhiteElo "1833"]
[BlackElo "1674"]

1. e4 e5 2. Nf3 Nc6 3. Bb5 f5 4. d3 fxe4 5. dxe4 Nf6 6. Qe2 Bc5 7. O-O d6 8. Nc3
O-O 9. Qc4+ Kh8 10. Bxc6 bxc6 11. Nxe5 Qe8 12. Nd3 Bb6 13. Bd2 a5 14. Rfe1 Be6
15. Qa4 Ng4 16. h3 Nxf2 17. Nxf2 Bxh3 18. e5 Qf7 19. Qh4 Bxg2 20. Kxg2 Qf3+ 21.
Kg1 Rf5 22. Qh2 Raf8 23. Ncd1 dxe5 24. Qg2 Qh5 25. Re4 Rd8 26. Be3 Rd6 27. Rg4
Rxf2 28. Bxf2 Rd2 29. Rxg7 1-0

[Event "XV MIEDZYNARODOWY FESTIWAL SZACHOWY PERLA BALTYKU - GRUPA A"]
[Site "LAZY"]
[Date "1899-12-30"]
[Round "6.14"]
[White "Siekanska, Zuzanna"]
[Black "Cyra, Dariusz"]
[Result "0-1"]
[WhiteTitle "I"]
[BlackTitle "I"]
[WhiteElo "1582"]
[BlackElo "1791"]

1. d4 Nf6 2. c4 e6 3. Nf3 b6 4. Bg5 Bb7 5. e3 Bb4+ 6. Nbd2 h6 7. Bh4 g5 8. Bg3
g4 9. Ne5 Ne4 10. Qxg4 Bxd2+ 11. Kd1 Qg5 12. Qe2 Bb4 13. Bf4 Qg7 14. f3 Nf6 15.
c5 d6 16. Qb5+ c6 17. Qxb4 dxe5 18. Bxe5 Nbd7 19. Bd6 Nd5 20. Qb3 Qg5 21. e4 Ne3+
22. Ke1 Nxg2+ 23. Kf2 Qd2+ 24. Be2 Ba6 25. Kxg2 Bxe2 26. Qc3 Qxc3 27. bxc3 O-O-O
28. cxb6 axb6 29. a4 Kb7 30. a5 Ra8 31. Rhb1 b5 32. Rb2 Bc4 33. Ra4 Ka6 34. Ra1
Rhg8+ 35. Kf2 Rg6 36. Bg3 h5 37. Re1 Rag8 38. Ke3 Ra8 39. Rb4 Ra7 40. Ra1 Kb7
41. Rab1 Kc8 42. Ra1 Rg8 43. Rbb1 Kb7 44. Ra4 Kc8 45. Raa1 Kd8 46. Rd1 Ke7 47.
f4 Rga8 48. f5 exf5 49. exf5 Rxa5 50. Rac1 f6 51. Kf3 Kf7 52. Rg1 Ra2 53. Rce1
Re8 54. Rxe8 Kxe8 55. Bd6 Bd5+ 56. Kg3 Re2 57. Kh4 Bf7 58. Ra1 Re4+ 59. Kg3 Nb6
60. Ra6 Nc8 61. Bf4 Bd5 62. Ra8 Kd7 63. Rb8 Re7 64. Kh4 Bf3 65. Kg3 Be2 66. Rb7+
Kd8 67. Rb8 Rg7+ 68. Kf2 Bc4 69. Ra8 Ra7 70. Rb8 Bd5 71. Kg3 Rg7+ 72. Kf2 Be4
73. Be3 Kc7 74. Bf4+ Kd8 75. Be3 Rd7 76. d5 Kc7 77. Bf4+ Nd6 78. Rh8 cxd5 79.
Rxh5 Kc6 80. Rh8 Bxf5 81. Rf8 Bg4 82. Rxf6 Kc5 83. Be3+ Kc4 84. Rf4+ Ne4+ 0-1

[Event "XV MIEDZYNARODOWY FESTIWAL SZACHOWY PERLA BALTYKU - GRUPA A"]
[Site "LAZY"]
[Date "1899-12-30"]
[Round "6.15"]
[White "Lambrecht, Tomasz"]
[Black "Sokolowski, Ryszard"]
[Result "0-1"]
[WhiteTitle "II"]
[BlackTitle "k"]
[WhiteElo "1601"]
[BlackElo "2064"]

1. d4 d6 2. e4 Nf6 3. f3 Nbd7 4. c4 e5 5. d5 Be7 6. Nc3 a5 7. Be3 Nh5 8. Qd2 h6
9. Bd3 Nc5 10. Nge2 Bg5 11. O-O-O Bxe3 12. Qxe3 Qg5 13. Qxg5 hxg5 14. Nb5 Kd8
15. g3 Rh6 16. Bc2 Bd7 17. Nbc3 Ke7 18. h4 gxh4 19. Rxh4 Nxg3 20. Rxh6 Nxe2+ 21.
Nxe2 gxh6 22. Rh1 Rh8 23. Ng3 Kf6 24. Nh5+ Kg5 25. Kd2 b5 26. cxb5 Bxb5 27. Ke3
Bd7 28. Bd1 f5 29. exf5 Bxf5 30. f4+ exf4+ 31. Kd4 Ne4 32. Rg1+ Ng3 33. Nxg3 fxg3
34. Rxg3+ Kf6 35. Rc3 Rh7 36. Ra3 h5 37. Rxa5 h4 38. Ra3 h3 39. Bf3 Rg7 40. Ke3
Rg1 41. Kf2 h2 42. Re3 h1=Q 43. Bxh1 Rxh1 44. Rb3 Ke5 45. Rb7 Rc1 46. b4 Kxd5
47. Rb8 c5 48. bxc5 Rxc5 49. Rb4 Rc2+ 50. Ke3 Rxa2 51. Rb5+ Ke6 52. Rb8 Ra3+ 53.
Kf4 Ra4+ 54. Kg3 Ke5 55. Re8+ Be6 56. Rh8 Ra3+ 57. Kf2 d5 58. Rh5+ Bf5 0-1

[Event "XV MIEDZYNARODOWY FESTIWAL SZACHOWY PERLA BALTYKU - GRUPA A"]
[Site "LAZY"]
[Date "1899-12-30"]
[Round "6.16"]
[White "Szydelko, Kazimierz"]
[Black "Szydelko, Michal"]
[Result "1/2-1/2"]
[WhiteTitle "I"]
[BlackTitle "I"]
[WhiteElo "1699"]
[BlackElo "1843"]

1. g3 Nf6 2. Bg2 d5 3. d4 e6 4. c4 Be7 5. Nf3 O-O 6. O-O c5 7. dxc5 Bxc5 8. Qc2
Be7 9. Bg5 Nbd7 10. Nbd2 h6 11. Bxf6 Nxf6 12. Rfd1 Bd7 13. Rac1 Rc8 14. b3 Bc6
15. Ne5 Qb6 16. e3 Nd7 17. Nxc6 Rxc6 18. Qd3 Rfc8 19. Qf1 Ba3 20. Rb1 Qa5 21.
Qe2 1/2-1/2

[Event "XV MIEDZYNARODOWY FESTIWAL SZACHOWY PERLA BALTYKU - GRUPA A"]
[Site "LAZY"]
[Date "1899-12-30"]
[Round "6.17"]
[White "Starosta, Martyna"]
[Black "Majewski, Krzysztof"]
[Result "0-1"]
[WhiteTitle "WCM"]
[BlackTitle "II+"]
[WhiteElo "1841"]
[BlackElo "1727"]

1. e4 g6 2. d4 Bg7 3. Nc3 c6 4. f4 d5 5. e5 e6 6. Nf3 Ne7 7. Bd3 Nd7 8. Be3 b6
9. Bf2 Qc7 10. h4 h5 11. Ng5 Bh6 12. g4 Bxg5 13. hxg5 h4 14. Qf3 Bb7 15. Rxh4
Rxh4 16. Bxh4 O-O-O 17. O-O-O a6 18. Qf1 b5 19. f5 Rf8 20. f6 Ng8 21. Bf2 Nb6
22. Ne2 c5 23. Nf4 c4 24. Bxg6 c3 25. b3 Nc4 26. bxc4 Qa5 27. Re1 fxg6 28. Kd1
Qxa2 29. Be3 dxc4 30. Bc1 b4 31. Nxe6 Bd5 32. Nc5 b3 33. cxb3 cxb3 34. Bb2 cxb2
0-1

[Event "XV MIEDZYNARODOWY FESTIWAL SZACHOWY PERLA BALTYKU - GRUPA A"]
[Site "LAZY"]
[Date "1899-12-30"]
[Round "6.18"]
[White "Rogala, Milosz"]
[Black "Sloniewska, Alicja"]
[Result "1/2-1/2"]
[WhiteTitle "II"]
[BlackTitle "I"]
[WhiteElo "1791"]
[BlackElo "1531"]

1. e4 c6 2. d4 d5 3. Nc3 dxe4 4. Nxe4 Bf5 5. Ng3 Bg6 6. Nh3 e6 7. Nf4 Bd6 8. c3
Nf6 9. h4 Bxf4 10. Bxf4 h6 11. Qb3 b6 12. Be2 O-O 13. Bf3 Nd5 14. Bd2 Na6 15.
h5 Bh7 16. O-O Qd7 17. c4 Ne7 18. Qe3 Rad8 19. Bc3 Qc7 20. Be4 Bxe4 21. Qxe4 c5
22. b3 cxd4 23. Bxd4 Nc6 24. Bc3 Nc5 25. Qe2 Rd7 26. Ne4 Nd4 27. Nf6+ gxf6 28.
Qg4+ Kh7 29. Bxd4 Rg8 30. Qh4 f5 31. Be3 Qe5 32. Rad1 Nd3 33. Rd2 Qg7 34. g3 Ne5
35. Qf4 Nd3 36. Qh4 Ne5 37. Qf4 Nd3 38. Qh4 Ne5 1/2-1/2

[Event "XV MIEDZYNARODOWY FESTIWAL SZACHOWY PERLA BALTYKU - GRUPA A"]
[Site "LAZY"]
[Date "1899-12-30"]
[Round "6.19"]
[White "Sandomierski, Cyprian"]
[Black "Morczynski, Joachim"]
[Result "1/2-1/2"]
[WhiteTitle "II+"]
[BlackTitle "III"]
[WhiteElo "1597"]
[BlackElo "1733"]

1. e4 c5 2. Nf3 Nc6 3. d4 cxd4 4. Nxd4 Nf6 5. Nc3 e5 6. Nb3 Bb4 7. Bc4 O-O 8. Bg5
Na5 9. Bxf6 Qxf6 10. Nxa5 Bxa5 11. Qd3 Qb6 12. Rb1 d6 13. O-O Bxc3 14. Qxc3 Be6
15. Bb3 Rac8 16. Qd3 Rc7 17. Rfd1 Bxb3 18. cxb3 Rc6 19. Rbc1 Rfc8 20. Rc3 Kf8
21. Rdc1 Qd4 22. Qxd4 exd4 23. Rxc6 Rxc6 24. Rc4 Ra6 25. a3 Rb6 26. b4 Rc6 27.
Rxc6 bxc6 28. Kf1 c5 29. b3 Ke7 30. Ke2 Kd7 31. Kd3 Kc6 32. a4 g6 33. h3 f6 34.
g3 d5 35. b5+ Kd6 36. g4 dxe4+ 37. Kxe4 Kc7 38. a5 Kd6 39. b4 cxb4 40. Kxd4 b3
41. Kc3 b2 42. Kxb2 Kc5 43. b6 axb6 44. a6 Kc6 45. Kb3 Kc7 46. Kb4 Kb8 47. Ka4
Ka8 48. Kb4 Kb8 49. Kc4 Ka8 50. Kb4 Kb8 51. Kc4 1/2-1/2

[Event "XV MIEDZYNARODOWY FESTIWAL SZACHOWY PERLA BALTYKU - GRUPA A"]
[Site "LAZY"]
[Date "1899-12-30"]
[Round "6.20"]
[White "Pyzio, Amelia"]
[Black "Pacuszka, Wioletta"]
[Result "1/2-1/2"]
[WhiteTitle "I++"]
[BlackTitle "I++"]
[WhiteElo "1616"]
[BlackElo "1836"]

1. e4 c5 2. Nf3 e6 3. d4 cxd4 4. Nxd4 Nf6 5. Nc3 d6 6. Be2 a6 7. Be3 Be7 8. O-O
O-O 9. f4 Qc7 10. Rc1 Nc6 11. Bf3 Rb8 12. Qe1 Bd7 13. Qg3 Kh8 14. e5 dxe5 15.
Nxc6 bxc6 16. fxe5 Nd5 17. Nxd5 exd5 18. b3 Be6 19. Rcd1 Bb4 20. Be2 Bc3 21. Bd4
Bxd4+ 22. Rxd4 Qb6 23. Qf2 Qc7 24. Qg3 Qb6 25. Qf2 Qc7 26. Qg3 1/2-1/2

[Event "XV MIEDZYNARODOWY FESTIWAL SZACHOWY PERLA BALTYKU - GRUPA A"]
[Site "LAZY"]
[Date "1899-12-30"]
[Round "6.21"]
[White "Kruczynski, Marek"]
[Black "Bochenek, Ryszard"]
[Result "1-0"]
[WhiteTitle "I"]
[BlackTitle "II"]
[WhiteElo "1744"]
[BlackElo "1358"]

1. e4 e6 2. b3 d5 3. Bb2 dxe4 4. Nc3 Bd7 5. Nxe4 Bc6 6. Ng3 Nd7 7. Nf3 Ngf6 8.
Qe2 Bd6 9. O-O-O Qe7 10. Kb1 O-O 11. Nd4 Nb8 12. Re1 Bd7 13. Qf3 Nc6 14. Ndf5
Qd8 15. Nxg7 Be7 16. N3h5 1-0

[Event "XV MIEDZYNARODOWY FESTIWAL SZACHOWY PERLA BALTYKU - GRUPA A"]
[Site "LAZY"]
[Date "1899-12-30"]
[Round "6.22"]
[White "Smietanska, Wiktoria"]
[Black "Wojtowicz, Wojciech"]
[Result "1-0"]
[WhiteTitle "CM"]
[BlackTitle "II"]
[WhiteElo "1595"]
[BlackElo "1683"]

1. c4 c6 2. Nf3 Nf6 3. Nc3 g6 4. d4 d5 5. e3 Bg7 6. Be2 O-O 7. O-O dxc4 8. Bxc4
b5 9. Bd3 Bb7 10. b3 Nbd7 11. Bb2 a6 12. Ne4 Nd5 13. Rc1 Nb4 14. Bb1 Re8 15. Qd2
a5 16. a3 Na6 17. Bc3 Nab8 18. Ne1 f5 19. Ng3 Qb6 20. Nd3 Qd8 21. Ba2 e6 22. Nf4
Kh8 23. b4 Nf8 24. bxa5 g5 25. Nfh5 Nbd7 26. Nxg7 Kxg7 27. d5+ Nf6 28. Nh5+ Kg6
29. Nxf6 Re7 30. dxc6 Bxc6 31. Qxd8 Rxd8 32. e4 Ba8 33. e5 Rc7 34. Bb4 1-0

[Event "XV MIEDZYNARODOWY FESTIWAL SZACHOWY PERLA BALTYKU - GRUPA A"]
[Site "LAZY"]
[Date "1899-12-30"]
[Round "6.23"]
[White "Jankowski, Igor"]
[Black "Plocica, Krzysztof"]
[Result "1/2-1/2"]
[WhiteTitle "II+"]
[BlackTitle "I"]
[WhiteElo "1662"]
[BlackElo "1656"]

1. e3 e5 2. Nf3 Nc6 3. Be2 d5 4. O-O Nf6 5. d3 Bd6 6. Nbd2 O-O 7. c4 d4 8. Ne4
Nxe4 9. dxe4 Bc5 10. exd4 Bxd4 11. Rb1 a5 12. a3 a4 13. b4 axb3 14. Rxb3 Qe7 15.
Qc2 Bc5 16. Bb2 Rd8 17. Kh1 Nd4 18. Bxd4 Bxd4 19. Nxd4 Rxd4 20. c5 Bd7 21. Rxb7
Bc6 22. Rb4 Bxe4 23. Qc3 Qg5 24. f3 Rxb4 25. axb4 Bd5 26. Bc4 Bxc4 27. Qxc4 Qd2
28. Rg1 Rd8 29. h3 g6 30. Rb1 Qd5 31. Qc1 1/2-1/2

[Event "XV MIEDZYNARODOWY FESTIWAL SZACHOWY PERLA BALTYKU - GRUPA A"]
[Site "LAZY"]
[Date "1899-12-30"]
[Round "6.24"]
[White "Sowinski, Pawel"]
[Black "Lazniewski, Tadeusz"]
[Result "0-1"]
[WhiteTitle "I+"]
[BlackTitle "II+"]
[WhiteElo "1644"]
[BlackElo "1518"]

1. e4 e5 2. Nf3 Nc6 3. Bc4 Bc5 4. O-O Nf6 5. d4 Bxd4 6. Nxd4 Nxd4 7. f4 d6 8. fxe5
dxe5 9. Bg5 Ne6 10. Qxd8+ Nxd8 11. Bxf6 gxf6 12. Nc3 c6 13. Rxf6 Be6 14. Bxe6
Nxe6 15. Rf5 Rg8 16. Raf1 Rg7 17. Rxe5 O-O-O 18. Nd1 Rd2 19. g3 Ng5 20. Kh1 f6
21. Ref5 Nxe4 22. R5f4 Re7 23. Nf2 Nxf2+ 24. R4xf2 Ree2 25. Rxe2 Rxe2 26. Rxf6
Rxc2 27. Rf8+ Kc7 28. Rf7+ Kb6 29. Rxh7 Rxb2 30. g4 c5 31. Rh3 Rxa2 32. g5 c4
33. Rg3 Ra1+ 34. Kg2 Ra2+ 35. Kh3 Rd2 36. g6 Rd8 37. g7 Rg8 38. Kh4 c3 39. Rxc3
Rxg7 40. Rb3+ Kc5 41. h3 b5 42. Kh5 Kc4 43. Rf3 b4 44. Kh6 Rg2 45. Rf7 a5 0-1

[Event "XV MIEDZYNARODOWY FESTIWAL SZACHOWY PERLA BALTYKU - GRUPA A"]
[Site "LAZY"]
[Date "1899-12-30"]
[Round "7.1"]
[White "Koziak, Vitali"]
[Black "Jaroch, Karol"]
[Result "1/2-1/2"]
[WhiteTitle "IM"]
[BlackTitle "m"]
[WhiteElo "2473"]
[BlackElo "2242"]

1. d4 e6 2. c4 Nf6 3. Nf3 Bb4+ 4. Bd2 Qe7 5. g3 b6 6. Bg2 Bb7 7. Nc3 O-O 8. O-O
d6 9. Rc1 Nbd7 10. d5 Rae8 11. Nd4 Ne5 12. b3 Bxc3 13. Bxc3 exd5 14. Nf5 Qe6 15.
Ne3 Neg4 16. Nxg4 Nxg4 17. e3 c5 1/2-1/2

[Event "XV MIEDZYNARODOWY FESTIWAL SZACHOWY PERLA BALTYKU - GRUPA A"]
[Site "LAZY"]
[Date "1899-12-30"]
[Round "7.2"]
[White "Swicarz, Maciej"]
[Black "Cukrowski, Filip"]
[Result "0-1"]
[WhiteTitle "m"]
[BlackTitle "FM"]
[WhiteElo "2341"]
[BlackElo "2421"]

1. c4 Nf6 2. Nc3 c5 3. Nf3 e6 4. g3 b6 5. Bg2 Bb7 6. O-O a6 7. b3 Be7 8. Bb2 O-O
9. d4 cxd4 10. Qxd4 d6 11. Rfd1 Nbd7 12. Rac1 Qc7 13. Ng5 Bxg2 14. Kxg2 Rfd8 15.
f3 Qb7 16. Qf4 Nc5 17. b4 h6 18. Nxf7 Kxf7 19. bxc5 bxc5 20. Rb1 Qc6 21. h4 d5
22. e4 d4 23. e5 g5 24. hxg5 hxg5 25. Qxg5 Rg8 26. Qh4 dxc3 27. exf6 Bxf6 28.
Qh5+ Rg6 29. Bxc3 Rh8 30. Qxh8 Bxh8 31. Bxh8 Qc7 32. f4 Rh6 33. Be5 Qc6+ 34. Kf2
Qe4 35. Rd7+ Ke8 0-1

[Event "XV MIEDZYNARODOWY FESTIWAL SZACHOWY PERLA BALTYKU - GRUPA A"]
[Site "LAZY"]
[Date "1899-12-30"]
[Round "7.3"]
[White "Karpus, Michal"]
[Black "Luczak, Filip"]
[Result "1/2-1/2"]
[WhiteTitle "FM"]
[BlackTitle "CM"]
[WhiteElo "2312"]
[BlackElo "2114"]

1. e4 c5 2. Nf3 d6 3. d4 cxd4 4. Nxd4 Nf6 5. Nc3 a6 6. Be3 e5 7. Nb3 Be6 8. Qd2
Be7 9. f3 O-O 10. O-O-O Nbd7 11. g4 b5 12. g5 Nh5 13. Nd5 Bxd5 14. exd5 f6 15.
h4 Ng3 16. Rg1 Nxf1 17. Rdxf1 a5 18. Kb1 a4 19. Nc1 Nb6 20. Bxb6 Qxb6 21. a3 fxg5
22. hxg5 Rxf3 23. g6 h6 24. Qg2 Rf6 25. Rxf6 Bxf6 26. Qg4 Rf8 27. Rf1 Qd8 28.
Qe6+ Kh8 29. Ne2 Re8 30. Qf5 e4 31. Nf4 Re5 32. Qg4 e3 33. Re1 Qe8 34. Ne6 Bg5
35. Qf3 Qxg6 36. Qf8+ Kh7 37. Qxd6 Qf6 38. Nf8+ Kg8 39. Ne6 Kh7 1/2-1/2

[Event "XV MIEDZYNARODOWY FESTIWAL SZACHOWY PERLA BALTYKU - GRUPA A"]
[Site "LAZY"]
[Date "1899-12-30"]
[Round "7.4"]
[White "Betkowski, Andrzej"]
[Black "Klusak, Piotr"]
[Result "1/2-1/2"]
[WhiteTitle "k"]
[BlackTitle "k"]
[WhiteElo "2038"]
[BlackElo "2152"]

1. e4 e5 2. Nf3 Nc6 3. d4 exd4 4. Nxd4 Nf6 5. Nxc6 bxc6 6. e5 Qe7 7. Qe2 Nd5 8.
c4 Ba6 9. b3 g6 10. f4 Bg7 11. Qf2 Nf6 12. Be2 Ne4 13. Qe3 f5 14. Ba3 Qe6 15.
Nd2 Nxd2 16. Qxd2 O-O-O 17. Qa5 Bb7 18. c5 Rhe8 19. O-O d6 20. Qxa7 dxe5 21. Bc4
Rd5 22. Bxd5 cxd5 23. c6 Bxc6 24. Bb2 d4 1/2-1/2

[Event "XV MIEDZYNARODOWY FESTIWAL SZACHOWY PERLA BALTYKU - GRUPA A"]
[Site "LAZY"]
[Date "1899-12-30"]
[Round "7.5"]
[White "Krainski, Aleksander"]
[Black "Grzesik, Gracjan"]
[Result "1-0"]
[WhiteTitle "FM"]
[BlackTitle "I+"]
[WhiteElo "2117"]
[BlackElo "1973"]

1. d4 Nf6 2. Nf3 e6 3. e3 d5 4. Bd3 b6 5. O-O Bb7 6. b3 Be7 7. Bb2 Nbd7 8. c4 O-O
9. Nc3 c5 10. cxd5 Nxd5 11. Nxd5 Bxd5 12. Rc1 Bb7 13. Qe2 Bf6 14. Rfd1 Qe7 15.
Bb1 Rac8 16. Ba3 Rfd8 17. Nd2 e5 18. d5 Nf8 19. e4 Bg5 20. Rc3 Bxd2 21. Qxd2 Ne6
22. b4 cxb4 23. Bxb4 Qf6 24. Rf3 Qg6 25. Bc3 Ng5 26. Rg3 Nxe4 27. Qe1 Qh5 28.
Bxe4 g6 29. Bf3 Qh4 30. Qxe5 f6 31. Qe6+ Kg7 32. Rg4 Qh5 1-0

[Event "XV MIEDZYNARODOWY FESTIWAL SZACHOWY PERLA BALTYKU - GRUPA A"]
[Site "LAZY"]
[Date "1899-12-30"]
[Round "7.6"]
[White "Sobczynski, Roman"]
[Black "Kopaczewski, Adam"]
[Result "1/2-1/2"]
[WhiteTitle "I+"]
[BlackTitle "I++"]
[WhiteElo "1849"]
[BlackElo "2046"]

1. e4 e5 2. Nf3 Nc6 3. Bb5 a6 4. Ba4 d6 5. c3 f5 6. exf5 Bxf5 7. O-O Bd3 8. Re1
Be7 9. Qb3 b5 10. Qd5 Qd7 11. Qxd3 bxa4 12. Qc2 Nf6 13. d4 exd4 14. cxd4 d5 15.
Qxa4 O-O 16. Nc3 Bb4 17. Qd1 Qd6 18. Ne5 Bxc3 19. bxc3 Ne4 20. f3 Nxc3 21. Qc2
Nxe5 22. Rxe5 Qb4 23. Be3 Rfe8 24. f4 c5 25. dxc5 Rxe5 26. fxe5 d4 27. Bf2 Qxc5
28. Qb3+ Kh8 29. Re1 h6 30. e6 Re8 31. Qc2 Qc4 32. Qg6 Re7 33. Qg4 Qxa2 34. Bxd4
Qd2 35. Bxc3 Qxc3 36. Qe4 Qc5+ 1/2-1/2

[Event "XV MIEDZYNARODOWY FESTIWAL SZACHOWY PERLA BALTYKU - GRUPA A"]
[Site "LAZY"]
[Date "1899-12-30"]
[Round "7.8"]
[White "Luba, Lukasz"]
[Black "Zabron, Maksym"]
[Result "1/2-1/2"]
[WhiteTitle "I++"]
[BlackTitle "I"]
[WhiteElo "2177"]
[BlackElo "1797"]

1. d4 Nf6 2. h3 c5 3. d5 d6 4. c4 b5 5. cxb5 a6 6. e3 Nbd7 7. Nc3 g6 8. g4 h6 9.
e4 Bg7 10. Be3 axb5 11. Bxb5 Qa5 12. f3 O-O 13. Qd2 Kh7 14. h4 h5 15. g5 Nxe4
16. fxe4 Bxc3 17. bxc3 Qxb5 18. Nf3 Ba6 19. Kf2 Rab8 20. Bf4 Rb6 21. Kg3 Rfb8
22. e5 Qc4 23. exd6 Rb2 24. Qxb2 Rxb2 25. dxe7 Qe4 26. Rae1 Be2 27. Rhf1 Qxe7
28. Nd2 Rxd2 29. Bxd2 Qe4 30. Rxf7+ Kg8 31. Rf2 Qg4+ 32. Kh2 Ne5 33. Rexe2 Nf3+
34. Rxf3 Qxf3 35. Rg2 Qxd5 36. a3 Qe4 37. Kh3 Qa4 38. Be1 Qd1 39. Rg1 Qf3+ 40.
Kh2 Kf7 41. a4 Qf4+ 42. Kg2 Qxa4 43. Rf1+ Ke6 44. Rf6+ Kd7 45. Kf3 Qd1+ 46. Kf2
Qd3 47. Kg1 1/2-1/2

[Event "XV MIEDZYNARODOWY FESTIWAL SZACHOWY PERLA BALTYKU - GRUPA A"]
[Site "LAZY"]
[Date "1899-12-30"]
[Round "7.9"]
[White "Cyra, Dariusz"]
[Black "Babiarz, Arkadiusz"]
[Result "1-0"]
[WhiteTitle "I"]
[BlackTitle "I++"]
[WhiteElo "1791"]
[BlackElo "1833"]

1. d4 d5 2. Bf4 c5 3. c3 Nc6 4. e3 Nf6 5. Nd2 Bf5 6. Qb3 Na5 7. Qa4+ Bd7 8. Bb5
Nc6 9. Ngf3 a6 10. Bxc6 Bxc6 11. Qc2 Nd7 12. O-O g6 13. e4 dxe4 14. Nxe4 Bg7 15.
dxc5 Bxe4 16. Qxe4 Nxc5 17. Qe3 Ne6 18. Be5 O-O 19. Rfd1 Qa5 20. Bxg7 Kxg7 21.
Rd7 Qb5 22. Rad1 Qxb2 23. Rxe7 Qxa2 24. Rxb7 a5 25. Ne5 Nd8 26. Ng4 Qe6 27. Qd4+
Kg8 28. Qe5 h5 29. Nf6+ Kg7 30. Nxh5+ Kh6 31. Qe3+ 1-0